Pokémon - Tous les Pokémons Électrique - Statistiques

Statistiques générales
  • Ce quiz a été pris 35 fois
    21 depuis la dernière actualisation
  • Le résultat moyen est 66 sur 83
Statistiques - réponses
Generation Numero Type de quiz Réponse % Correct
1ère 0145 Électrique, Vol Électhor
100%
1ère 0101 Électrique Électrode
100%
1ère 0101 Hisui : Électrique, Plante Électrode d’Hisui
100%
1ère 0025 Électrique Pikachu
100%
2ème 0180 Électrique Lainergie
95%
1ère 0081 Électrique, Acier Magnéti
95%
1ère 0082 Électrique, Acier Magnéton
95%
2ème 0181 Électrique Pharamp
95%
1ère 0026 Électrique Raichu
95%
1ère 0026 Alola : Électrique, Psy Raichu d’Alola
95%
1ère 0135 Électrique Voltali
95%
1ère 0100 Électrique Voltorbe
95%
1ère 0100 Hisui : Électrique, Plante Voltorbe d’Hisui
95%
2ème 0179 Électrique Wattouat
95%
5ème 0602 Électrique Anchwatt
89%
3ème 0309 Électrique Dynavolt
89%
3ème 0310 Électrique Élecsprint
89%
5ème 0603 Électrique Lampéroie
89%
2ème 0171 Électrique, Eau Lanturn
89%
2ème 0170 Électrique, Eau Loupio
89%
4ème 0462 Électrique, Acier Magnézone
89%
2ème 0181 Méga : Électrique, Dragon Méga-Pharamp
89%
5ème 0604 Électrique Ohmassacre
89%
2ème 0172 Électrique Pichu
89%
4ème 0466 Électrique Élekable
84%
1ère 0125 Électrique Élektek
84%
1ère 0075 Alola : Électrique, Roche Gravalanch d’Alola
84%
1ère 0076 Alola : Électrique, Roche Grolem d’Alola
84%
4ème 0479 Électrique, Spectre Motisma
84%
4ème 0479 Forme Four : Électrique, Feu Motisma Forme Four
84%
4ème 0479 Forme Frigo : Électrique, Glace Motisma Forme Frigo
84%
4ème 0479 Forme Lave-Linge : Électrique, Eau Motisma Forme Lave-Linge
84%
4ème 0479 Forme Tondeuse : Électrique, Plante Motisma Forme Tondeuse
84%
4ème 0479 Forme Ventilateur : Électrique, Vol Motisma Forme Ventilateur
84%
1ère 0074 Alola : Électrique, Roche Racaillou d’Alola
84%
5ème 0644 Électrique, Dragon Zekrom
84%
2ème 0239 Électrique Élekid
79%
5ème 0618 Électrique, Sol Limonde
79%
4ème 0403 Électrique Lixy
79%
7ème 0738 Électrique, Insecte Lucanon
79%
4ème 0404 Électrique Luxio
79%
4ème 0405 Électrique Luxray
79%
5ème 0596 Électrique, Insecte Mygavolt
79%
3ème 0312 Électrique Négapi
79%
7ème 0741 Style Pom-Pom : Électrique, Vol Plumeline Style Pom-Pom
79%
3ème 0311 Électrique Posipi
79%
5ème 0595 Électrique, Insecte Statitik
79%
7ème 0737 Électrique, Insecte Chrysapile
74%
6ème 0702 Électrique, Fée Dedenne
74%
6ème 0695 Électrique, Normal Iguolta
74%
9ème 1021 Électrique, Dragon Ire-Foudre
74%
3ème 0310 Électrique Méga-Élecsprint
74%
9ème 1008 Électrique, Dragon Miraidon
74%
8ème 0877 Électrique, Ténèbres Morpeko
74%
4ème 0417 Électrique Pachirisu
74%
9ème 0921 Électrique Pohm
74%
9ème 0923 Électrique, Combat Pohmarmotte
74%
9ème 0922 Électrique, Combat Pohmotte
74%
2ème 0243 Électrique Raikou
74%
8ème 0849 Électrique, Poison Salarsen
74%
8ème 0848 Électrique, Poison Toxizap
74%
9ème 0940 Électrique, Vol Zapétrel
74%
5ème 0522 Électrique Zébibron
74%
5ème 0523 Électrique Zéblitz
74%
5ème 0587 Électrique, Vol Emolga
68%
9ème 0995 Électrique, Roche Épine-de-Fer
68%
9ème 0941 Électrique, Vol Fulgulairo
68%
5ème 0642 Électrique, Vol Fulguris
68%
6ème 0694 Électrique, Normal Galvaran
68%
9ème 0992 Électrique, Combat Paume-de-Fer
68%
8ème 0894 Électrique Regieleki
68%
7ème 0796 Électrique Câblifère
63%
8ème 0880 Électrique, Dragon Galvagon
63%
7ème 0777 Électrique, Acier Togedemaru
63%
7ème 0785 Électrique, Fée Tokorico
63%
7ème 0807 Électrique Zeraora
63%
9ème 0939 Électrique Ampibidou
58%
8ème 0881 Électrique, Glace Galvagla
58%
9ème 0989 Électrique, Sol Pelage-Sablé
58%
9ème 0938 Électrique Têtampoule
58%
8ème 0836 Électrique Fulgudog
53%
8ème 0835 Électrique Voltoutou
53%
8ème 0871 Électrique Wattapik
53%
Aucun quiz correspondant
Distribution des résultats
% des personnes avec chaque résultat
Percentile par nombre de réponses
Votre historique - résultats
Vous n’avez pas pris ce quiz depuis la dernière actualisation